Welcome to CU Library Online Public Access Catalogue (OPAC)

Managerial economics & business strategy / (Record no. 9736)

MARC details
000 -LEADER
fixed length control field 00816cam a22002414a 4500
001 - CONTROL NUMBER
control field 1685722
005 - DATE AND TIME OF LATEST TRANSACTION
control field 20260504095732.0
008 - FIXED-LENGTH DATA ELEMENTS--GENERAL INFORMATION
fixed length control field 990318s2000 maua bi 000 0 eng
020 ## - INTERNATIONAL STANDARD BOOK NUMBER
International Standard Book Number 0072289171
Qualifying information alk. paper
020 ## - INTERNATIONAL STANDARD BOOK NUMBER
International Standard Book Number 0071169334
Qualifying information international ed. : alk. paper
020 ## - INTERNATIONAL STANDARD BOOK NUMBER
International Standard Book Number 9780072289176
Qualifying information (alk. paper)
020 ## - INTERNATIONAL STANDARD BOOK NUMBER
International Standard Book Number 9780071169332
Qualifying information (international ed. : alk. paper)
050 00 - LIBRARY OF CONGRESS CALL NUMBER
Classification number HD30.22
Item number .B38 2000
082 00 - DEWEY DECIMAL CLASSIFICATION NUMBER
Classification number 338.5/024/658
Edition information 21
100 1# - MAIN ENTRY--PERSONAL NAME
Personal name Baye, Michael R.,
Dates associated with a name 1958-
245 10 - TITLE STATEMENT
Title Managerial economics & business strategy /
Statement of responsibility, etc. Michael R. Baye.
250 ## - EDITION STATEMENT
Edition statement 3rd ed.
260 ## - PUBLICATION, DISTRIBUTION, ETC.
Place of publication, distribution, etc. Boston :
Name of publisher, distributor, etc. Irwin/McGraw-Hill,
Date of publication, distribution, etc. c2000.
300 ## - PHYSICAL DESCRIPTION
Extent xxvi, 558 p. :
Other physical details ill. (some col.) ;
Dimensions 24 cm. +
Accompanying material 1 computer disk (3 1/2 in.)
650 #0 - SUBJECT ADDED ENTRY--TOPICAL TERM
Topical term or geographic name entry element Managerial economics.
650 #0 - SUBJECT ADDED ENTRY--TOPICAL TERM
Topical term or geographic name entry element Strategic planning.
942 ## - ADDED ENTRY ELEMENTS (KOHA)
Source of classification or shelving scheme Library of Congress Classification
Koha item type Books
Suppress in OPAC No
999 ## -
-- 9736
-- 9736
Holdings
Withdrawn status Lost status Source of classification or shelving scheme Damaged status Not for loan Collection Home library Current library Shelving location Date acquired Total checkouts Full call number Barcode Date last seen Copy number Price effective from Koha item type
    Library of Congress Classification     Non-fiction Main Library (Kumasi) Main Library (Kumasi) General stacks 05/04/2026   HD30.22.B38 BAY bssk00000291 05/04/2026 1 05/04/2026 Books
    Library of Congress Classification     Non-fiction Main Library (Kumasi) Main Library (Kumasi) General stacks 05/04/2026   HD30.22.B38 BAY bssk00000292 05/04/2026 2 05/04/2026 Books
    Library of Congress Classification     Non-fiction Main Library (Kumasi) Main Library (Kumasi) General stacks 05/04/2026   HD30.22.B38 BAY bssk00000293 05/04/2026 3 05/04/2026 Books
    Library of Congress Classification     Non-fiction Main Library (Kumasi) Main Library (Kumasi) General stacks 05/04/2026   HD30.22.B38 BAY bssk00000294 05/04/2026 4 05/04/2026 Books
    Library of Congress Classification     Non-fiction Main Library (Kumasi) Main Library (Kumasi) General stacks 05/04/2026   HD30.22.B38 BAY bssk00000295 05/04/2026 5 05/04/2026 Books
© 2023-2024 Copyright: Central University Libraries. All Rights Reserved | Created by: Mahone Tech Office